000 01037nam a2200229 i 4500
001 46892
003 ES-MaACL
005 20250403165227.0
007 t|
008 030402s1951 sp ||||1| spa d
110 2 _aConsejo Superior de Investigaciones Científicas (España)
_93236
245 1 0 _aMemoria
_b: 1949.
260 _aMadrid :
_b[s.n.,
_c1951] (
_fImp. Silverio Aguirre)
300 _a600 p., 1 lám. ;
_c24 cm.
610 2 4 _aConsejo Superior de Investigaciones Científicas (España)-
_vMemorias.
_9170447
852 _aES-MaACL
_jD-6506
_bR.31211
_bR.M. 6097
_948643
_zEn cubierta: "16. JUN. 1951"
_zEn cubierta: "Precio del ejemplar ptas. 50´00"
_cSVI
_fSello en tinta azul de la Biblioteca del Ateneo de Madrid
_gAnotación manuscrita en cubierta: "1"
856 _uhttps://digital.csic.es/handle/10261/41927
_yDigital.CSIC
942 _2udc
_cMONOGRAFIA
999 _c46892
_d46892